00386nam a2200145Ia 4500020001800000082001400018100001900032245004300051260004000094300001300134504001900147650001900166650002800185650002700213 a0-333-74071-8 a327 PAY-G aPayne, Anthony 0aGlobal politics of unequal development aHampshirebPalgrave Macmillanc2005 axii, 304 aincludes index aWorld politics aInternational relations aInternational politics